000 00492nam a22001697a 4500
005 20251108164842.0
008 250721s1956 xx 000 0 ara d
082 1 4 _a891.5/محم
100 1 _aإقبال، محمد
245 1 0 _aديوان الأسرار و الرموز /
264 1 _aمصر :
_bدار المعارف،
_c1956.
300 _a154ص.
650 1 7 _aالأدب الفارسي
700 1 _aعزام، عبد الوهاب
_eترجمة
942 _2ddc
_cBK
999 _c15902
_d15902